All 100k Cities in Oregon - Statistics

General Stats
  • This quiz has been taken 48 times
  • The average score is 5 of 6
Answer Stats
Population Answer % Correct
615,267 Portland
100%
178k,213 Eugene
97%
178,425 Salem
94%
107,812 Bend
78%
108,161 Gresham
63%
108k,223 Hillsboro
56%
No matching quizzes found
Score Distribution
Percent of People with Each Score
Percentile by Number Answered
Your Score History
You have not taken this quiz